01483 a2200229 45000010006000000050017000060080041000230030015000640400040000790800036001192450061001552640036002163000019002525050584002719420007008555900036008621000022008989990015009209520106009359520106010419520106011474627620260407155735.0260407a1965 arg spa dAR-UNSa-BCEJYS aAR-UNSa-BCEJYSbspacAR-UNSa-BCEJYS a330.35xCrecimiento económico10aDinero, comercio internacional y crecimiento económico 1aMadrid :bEdiciones Rialpc1965 a220 p.c24 cm. aPrimera Parte: Comercio Internacional y crecimiento: 1. Balanza de pagos – 2. Costes comparativos y política comercial – 3. La teoría económica de la unión aduanera – 4. Desarrollo económico y comercio internacional – Segunda Parte: Dinero: Teoría Monetaria y Economía Keynesiana – 6. La “Teoría General”, después de veinticinco años – Tercera Parte: Crecimiento económico: 7. La planificación y el mercado en el desarrollo económico – 8. La economía, política de opulencia – 9. La política social de una sociedad opulenta –  cBK aniveau_biblio:m niveau_hierar:01 aJohnson, Harry G. c4173d4173 00104070aBCEJYSbBCEJYSc16d2026-04-07l0o330.35 J65pL22445r2026-04-07 15:57:35w2026-04-07yL 00104070aBCEJYSbBCEJYSc16d2026-04-07l0o330.35 J65pL22372r2026-04-07 15:57:35w2026-04-07yL 00104070aBCEJYSbBCEJYSc16d2026-04-07l0o330.35 J65pL22371r2026-04-07 15:57:35w2026-04-07yL